000 00587nam a2200205Ia 4500
005 20250923145125.0
008 008 250917s9999 xx 000 0 eng d
037 _aTextual
040 _aDSWL
_beng
_cDSWL
041 _aeng
_2eng
084 _aSI:7:4.3y7, N68
_qDSWL
100 _aBurton, Lindy
_9832003
245 0 _aVulnerable children
_cby Lindy Burton
260 _aLondon
_bRoutledge & Kegan Paul Ltd.
_c1968
300 _axxv,1666 p.
365 _aPound
_b1.15
925 _g1.15
942 _cTEXL
_hSI:7:4.3y7, N68
999 _c1447440
_d1447440